01289nam a2200337 a 4500001001100000003000800011006001900019007001500038008004100053010001700094020002700111020002200138040002100160035002000181050002600201082002100227100004700248245006500295260004400360300001100404490002900415504006400444533015200508600003800660650004100698655002900739710001700768830002600785856012500811999001500936ebr5002482CaPaEBRm u cr cn|||||||||960318s1997 enk sb 001 0beng  z 96007705  z0415118379 (hardcover) z0415118387 (pbk.) aCaPaEBRcCaPaEBR a(OCoLC)7076554914aBR1720.I7bG73 1997eb04a270.1/092aB2201 aGrant, Robert M.q(Robert McQueen),d1917-10aIrenaeus of Lyonsh[electronic resource] /cRobert M. Grant. aLondon ;aNew York :bRoutledge,c1997. a214 p.1 aThe early church fathers aIncludes bibliographical references (p. 199-203) and index. aElectronic reproduction.bPalo Alto, Calif. :cebrary,d2013.nAvailable via World Wide Web.nAccess may be limited to ebrary affiliated libraries.00aIrenaeus,cSaint, Bishop of Lyon. 0aChristian saintszFrancevBiography. 7aElectronic books.2local2 aebrary, Inc. 0aEarly church fathers.40uhttp://site.ebrary.com/lib/rucke/Doc?id=5002482zAn electronic book accessible through the World Wide Web; click to view c1706d1706